000 00528nam a22001697a 4500
003 OSt
005 20260211104736.0
008 260211b |||||||| |||| 00| 0 eng d
040 _cMRSPTU
041 _aEnglish
100 _aAjay Sagar, Supervisor: Dr. Rakesh Kumar
245 _aTo Study the Properties of Concrete by Adding Basalt Fibre
260 _bDepartment of Civil Engg, MRSPTU, Bathinda
_c2019
650 _aCivil Engineering
856 _uhttp://163.47.215.52:8080/jspui/handle/123456789/1108
942 _2ddc
_cTH
_n0
999 _c10895
_d10895